[Event "Russian Blitz Team Championship (m)"]
[Site "Sochi"]
[Date "2022.10.17"]
[Round "3.2"]
[White "Smirnov, Pavel"]
[Black "Zvjaginsev, Vadim"]
[Result "1/2-1/2"]
[BlackElo "2601"]
[WhiteElo "2467"]
[LiveChessVersion "1.4.8"]

1. d4 {[%clk 0:03:03]} Nf6 {[%clk 0:03:03]} 2. c4 {[%clk 0:03:04]} e6
{[%clk 0:03:04]} 3. g3 {[%clk 0:03:03]} Bb4+ {[%clk 0:03:04]} 4. Bd2
{[%clk 0:03:02]} Bxd2+ {[%clk 0:03:05]} 5. Qxd2 {[%clk 0:03:00]} O-O
{[%clk 0:03:04]} 6. Bg2 {[%clk 0:03:01]} d5 {[%clk 0:03:05]} 7. Nf3
{[%clk 0:03:02]} Nbd7 {[%clk 0:03:05]} 8. O-O {[%clk 0:03:01]} c6
{[%clk 0:03:06]} 9. Rc1 {[%clk 0:02:59]} Qe7 {[%clk 0:03:04]} 10. Na3
{[%clk 0:02:40]} a5 {[%clk 0:02:33]} 11. Qe3 {[%clk 0:02:17]} Re8
{[%clk 0:02:26]} 12. h3 {[%clk 0:02:06]} h6 {[%clk 0:02:26]} 13. Rc2
{[%clk 0:01:59]} 1/2-1/2

[Event "Russian Blitz Team Championship (m)"]
[Site "Sochi"]
[Date "2022.10.17"]
[Round "3.3"]
[White "Malakhov, Vladimir"]
[Black "Demidov, Mikhail"]
[Result "1-0"]
[BlackElo "2520"]
[WhiteElo "2654"]
[LiveChessVersion "1.4.8"]

1. Nf3 {[%clk 0:03:03]} g6 {[%clk 0:03:03]} 2. e4 {[%clk 0:03:04]} Bg7
{[%clk 0:03:04]} 3. d4 {[%clk 0:03:05]} d6 {[%clk 0:03:06]} 4. c3
{[%clk 0:03:04]} Nf6 {[%clk 0:03:03]} 5. Bd3 {[%clk 0:03:05]} O-O
{[%clk 0:03:03]} 6. O-O {[%clk 0:03:06]} Nc6 {[%clk 0:03:00]} 7. Nbd2
{[%clk 0:02:53]} a6 {[%clk 0:02:46]} 8. h3 {[%clk 0:02:49]} e5 {[%clk 0:02:40]}
9. Re1 {[%clk 0:02:50]} Re8 {[%clk 0:02:37]} 10. dxe5 {[%clk 0:02:37]} dxe5
{[%clk 0:02:38]} 11. Bf1 {[%clk 0:02:38]} Nh5 {[%clk 0:02:15]} 12. Nc4
{[%clk 0:02:37]} Qxd1 {[%clk 0:01:50]} 13. Rxd1 {[%clk 0:02:37]} Nf6
{[%clk 0:01:48]} 14. Bd3 {[%clk 0:02:22]} b5 {[%clk 0:00:59]} 15. Ne3
{[%clk 0:02:17]} Bb7 {[%clk 0:00:58]} 16. Ng4 {[%clk 0:02:05]} Nxg4
{[%clk 0:00:54]} 17. hxg4 {[%clk 0:02:06]} h6 {[%clk 0:00:50]} 18. Be3
{[%clk 0:02:05]} g5 {[%clk 0:00:37]} 19. Nd2 {[%clk 0:02:02]} Rad8
{[%clk 0:00:36]} 20. Nf1 {[%clk 0:02:01]} Bf8 {[%clk 0:00:30]} 21. Ng3
{[%clk 0:01:59]} Rd7 {[%clk 0:00:31]} 22. Bc2 {[%clk 0:01:59]} Rxd1+
{[%clk 0:00:32]} 23. Rxd1 {[%clk 0:02:00]} Rd8 {[%clk 0:00:33]} 24. Rxd8
{[%clk 0:01:48]} Nxd8 {[%clk 0:00:35]} 25. b4 {[%clk 0:01:42]} Nc6
{[%clk 0:00:22]} 26. a4 {[%clk 0:01:29]} Ne7 {[%clk 0:00:23]} 27. f3
{[%clk 0:01:17]} Nc8 {[%clk 0:00:24]} 28. a5 {[%clk 0:01:11]} Nd6
{[%clk 0:00:19]} 29. Bb3 {[%clk 0:01:12]} Kg7 {[%clk 0:00:16]} 30. Bc5
{[%clk 0:01:06]} Bc8 {[%clk 0:00:10]} 31. Bd5 {[%clk 0:01:05]} Kg8
{[%clk 0:00:07]} 32. Kf2 {[%clk 0:01:05]} Ne8 {[%clk 0:00:06]} 33. Be3
{[%clk 0:00:50]} Nd6 {[%clk 0:00:05]} 34. Ke2 {[%clk 0:00:47]} Be7
{[%clk 0:00:05]} 35. Bc5 {[%clk 0:00:48]} Kf8 {[%clk 0:00:07]} 36. Kd3
{[%clk 0:00:47]} Ne8 {[%clk 0:00:08]} 37. Bxe7+ {[%clk 0:00:46]} Kxe7
{[%clk 0:00:09]} 38. c4 {[%clk 0:00:44]} f6 {[%clk 0:00:09]} 39. cxb5
{[%clk 0:00:43]} axb5 {[%clk 0:00:11]} 40. Nf5+ {[%clk 0:00:44]} Kd7
{[%clk 0:00:08]} 41. Nxh6 {[%clk 0:00:42]} c6 {[%clk 0:00:09]} 42. Bb3
{[%clk 0:00:41]} Ke7 {[%clk 0:00:06]} 43. Nf5+ {[%clk 0:00:35]} Bxf5
{[%clk 0:00:06]} 44. gxf5 {[%clk 0:00:28]} Nc7 {[%clk 0:00:07]} 45. Be6
{[%clk 0:00:27]} Na6 {[%clk 0:00:06]} 46. Kc3 {[%clk 0:00:28]} Kd6
{[%clk 0:00:07]} 47. Bc8 {[%clk 0:00:28]} Nc7 {[%clk 0:00:04]} 48. a6
{[%clk 0:00:19]} c5 {[%clk 0:00:05]} 49. a7 {[%clk 0:00:18]} cxb4+
{[%clk 0:00:04]} 50. Kxb4 Kc6 51. Ka5 {[%clk 0:00:15]} Kc5 {[%clk 0:00:07]} 52.
Bb7 {[%clk 0:00:13]} b4 {[%clk 0:00:09]} 53. Bd5 {[%clk 0:00:14]} Na8
{[%clk 0:00:06]} 54. Bxa8 {[%clk 0:00:14]} b3 {[%clk 0:00:08]} 55. Bd5
{[%clk 0:00:15]} b2 {[%clk 0:00:09]} 56. Ba2 {[%clk 0:00:16]} Kd5 1-0

[Event "Russian Blitz Team Championship (m)"]
[Site "Sochi"]
[Date "2022.10.17"]
[Round "3.4"]
[White "Petrov, Nikita"]
[Black "Popov, Ivan"]
[Result "1/2-1/2"]
[BlackElo "2549"]
[WhiteElo "2528"]
[LiveChessVersion "1.4.8"]

1. d4 {[%clk 0:03:02]} d5 {[%clk 0:03:03]} 2. Nf3 {[%clk 0:03:02]} Nf6
{[%clk 0:03:03]} 3. Bf4 {[%clk 0:03:02]} c5 {[%clk 0:03:04]} 4. e3
{[%clk 0:03:03]} Nc6 {[%clk 0:03:02]} 5. Nbd2 {[%clk 0:03:04]} e6
{[%clk 0:02:47]} 6. c3 {[%clk 0:03:04]} Bd6 {[%clk 0:02:38]} 7. Bg3
{[%clk 0:03:04]} O-O {[%clk 0:02:37]} 8. Bd3 {[%clk 0:03:05]} Qe7
{[%clk 0:02:36]} 9. Ne5 {[%clk 0:03:02]} Nd7 {[%clk 0:02:35]} 10. Nxd7
{[%clk 0:03:00]} Qxd7 {[%clk 0:02:36]} 11. O-O {[%clk 0:02:45]} Bxg3
{[%clk 0:02:16]} 12. hxg3 {[%clk 0:02:44]} Qd6 {[%clk 0:02:12]} 13. dxc5
{[%clk 0:02:33]} Qxc5 {[%clk 0:01:58]} 14. Bxh7+ {[%clk 0:02:11]} Kxh7
{[%clk 0:01:53]} 15. Qh5+ {[%clk 0:02:12]} Kg8 {[%clk 0:01:55]} 16. Ne4
{[%clk 0:02:13]} g6 {[%clk 0:01:56]} 17. Qg5 {[%clk 0:01:49]} Qe7
{[%clk 0:01:46]} 18. Nf6+ {[%clk 0:01:50]} Kg7 {[%clk 0:01:47]} 19. Nh5+
{[%clk 0:01:51]} Kh7 {[%clk 0:01:49]} 20. Nf6+ {[%clk 0:01:52]} Kg7
{[%clk 0:01:50]} 21. Nh5+ {[%clk 0:01:53]} 1/2-1/2

[Event "Russian Blitz Team Championship (m)"]
[Site "Sochi"]
[Date "2022.10.17"]
[Round "3.5"]
[White "Kezin, Roman"]
[Black "Artemiev, Vladislav"]
[Result "0-1"]
[BlackElo "2832"]
[WhiteElo "2503"]
[LiveChessVersion "1.4.8"]

1. d4 {[%clk 0:03:02]} d5 {[%clk 0:03:00]} 2. c4 {[%clk 0:03:02]} e6
{[%clk 0:03:01]} 3. Nf3 {[%clk 0:03:03]} Nf6 {[%clk 0:03:00]} 4. g3
{[%clk 0:03:03]} Be7 {[%clk 0:02:59]} 5. Bg2 {[%clk 0:03:04]} O-O
{[%clk 0:02:58]} 6. O-O {[%clk 0:03:03]} c6 {[%clk 0:02:59]} 7. Qc2
{[%clk 0:03:02]} b6 {[%clk 0:02:59]} 8. Nbd2 {[%clk 0:03:02]} Bb7
{[%clk 0:02:46]} 9. e4 {[%clk 0:03:02]} Na6 {[%clk 0:02:26]} 10. a3
{[%clk 0:03:01]} c5 {[%clk 0:02:22]} 11. exd5 {[%clk 0:03:00]} exd5
{[%clk 0:02:22]} 12. dxc5 {[%clk 0:03:00]} Nxc5 {[%clk 0:02:22]} 13. b4
{[%clk 0:03:00]} Ne6 {[%clk 0:02:18]} 14. Bb2 {[%clk 0:02:57]} dxc4
{[%clk 0:01:56]} 15. Nxc4 {[%clk 0:02:40]} Rc8 {[%clk 0:01:54]} 16. Qe2
{[%clk 0:02:18]} Qd5 {[%clk 0:00:43]} 17. Rac1 {[%clk 0:00:59]} Qb5
{[%clk 0:00:19]} 18. Rfe1 {[%clk 0:00:49]} Rc7 {[%clk 0:00:13]} 19. Be5
{[%clk 0:00:05]} Rd7 {[%clk 0:00:12]} 20. Ne3 {[%clk 0:00:04]} Qxe2
{[%clk 0:00:09]} 21. Rxe2 {[%clk 0:00:04]} Nd5 {[%clk 0:00:06]} 22. Nf5
{[%clk 0:00:04]} Rfd8 {[%clk 0:00:04]} 23. Nxe7+ {[%clk 0:00:03]} Nxe7
{[%clk 0:00:04]} 24. h4 {[%clk 0:00:04]} h6 {[%clk 0:00:04]} 25. Kh2
{[%clk 0:00:03]} Ba6 {[%clk 0:00:05]} 26. Rec2 {[%clk 0:00:04]} Rd3
{[%clk 0:00:05]} 27. Bf1 {[%clk 0:00:03]} Rxa3 {[%clk 0:00:06]} 28. Bxa6
{[%clk 0:00:03]} Rxa6 {[%clk 0:00:07]} 29. b5 {[%clk 0:00:04]} Ra5
{[%clk 0:00:08]} 30. Rb2 {[%clk 0:00:04]} Rd5 {[%clk 0:00:10]} 31. Bb8
{[%clk 0:00:04]} h5 {[%clk 0:00:05]} 32. Kg2 {[%clk 0:00:04]} Nf5
{[%clk 0:00:04]} 33. Ne5 {[%clk 0:00:03]} Raxb5 {[%clk 0:00:03]} 34. Rxb5
{[%clk 0:00:04]} Rxb5 {[%clk 0:00:04]} 35. Rc8+ {[%clk 0:00:05]} Kh7
{[%clk 0:00:05]} 36. Nxf7 {[%clk 0:00:06]} a5 {[%clk 0:00:04]} 37. Rh8+
{[%clk 0:00:06]} Kg6 {[%clk 0:00:05]} 38. Ne5+ {[%clk 0:00:07]} Kf6
{[%clk 0:00:06]} 39. Nf3 {[%clk 0:00:03]} a4 {[%clk 0:00:06]} 40. Rxh5 Ne3+ 0-1

[Event "Russian Blitz Team Championship (m)"]
[Site "Sochi"]
[Date "2022.10.17"]
[Round "3.6"]
[White "Sjugirov, Sanan"]
[Black "Obgolts, Erik"]
[Result "1-0"]
[BlackElo "2407"]
[WhiteElo "2609"]
[LiveChessVersion "1.4.8"]

1. e4 {[%clk 0:03:02]} c5 {[%clk 0:03:03]} 2. Nf3 {[%clk 0:03:02]} e6
{[%clk 0:03:04]} 3. d3 {[%clk 0:02:56]} Nc6 {[%clk 0:03:04]} 4. g3
{[%clk 0:02:57]} Nf6 {[%clk 0:03:04]} 5. Bg2 {[%clk 0:02:58]} d5 {[%clk 0:03:03]}
6. Qe2 {[%clk 0:02:59]} Be7 {[%clk 0:02:56]} 7. O-O {[%clk 0:02:59]} O-O
{[%clk 0:01:57]} 8. e5 {[%clk 0:03:00]} Nd7 {[%clk 0:01:58]} 9. c4
{[%clk 0:03:01]} d4 {[%clk 0:01:53]} 10. h4 {[%clk 0:02:53]} Kh8 {[%clk 0:01:54]}
11. Re1 {[%clk 0:02:43]} f5 {[%clk 0:01:51]} 12. exf6 {[%clk 0:02:40]} gxf6
{[%clk 0:01:44]} 13. Nbd2 {[%clk 0:02:10]} Nde5 {[%clk 0:01:24]} 14. Nxe5
{[%clk 0:02:08]} Nxe5 {[%clk 0:01:25]} 15. Ne4 {[%clk 0:02:05]} Nf7
{[%clk 0:01:23]} 16. b4 {[%clk 0:01:35]} cxb4 {[%clk 0:01:18]} 17. a3
{[%clk 0:01:36]} f5 {[%clk 0:01:01]} 18. Nd2 {[%clk 0:01:36]} bxa3
{[%clk 0:00:37]} 19. Bxa3 {[%clk 0:01:37]} Bxa3 20. Rxa3 Qd6 {[%clk 0:00:38]} 21.
Ra5 {[%clk 0:01:31]} Bd7 {[%clk 0:00:36]} 22. Nf3 {[%clk 0:01:22]} Bc6
{[%clk 0:00:32]} 23. Ne5 {[%clk 0:01:14]} Bxg2 {[%clk 0:00:29]} 24. Kxg2
{[%clk 0:01:14]} Nxe5 {[%clk 0:00:27]} 25. Rxe5 {[%clk 0:01:15]} Rae8
{[%clk 0:00:27]} 26. Kh3 {[%clk 0:00:24]} Rf6 {[%clk 0:00:23]} 27. Qf3
{[%clk 0:00:23]} b6 {[%clk 0:00:22]} 28. Qb7 {[%clk 0:00:22]} Re7
{[%clk 0:00:22]} 29. Qf3 {[%clk 0:00:17]} Kg7 {[%clk 0:00:23]} 30. Qf4
{[%clk 0:00:17]} Rg6 {[%clk 0:00:13]} 31. Kh2 {[%clk 0:00:14]} Kf7
{[%clk 0:00:13]} 32. Qf3 {[%clk 0:00:11]} Rf6 {[%clk 0:00:13]} 33. R1e2
{[%clk 0:00:11]} a5 {[%clk 0:00:14]} 34. Rb5 {[%clk 0:00:11]} e5 {[%clk 0:00:13]}
35. Rd5 {[%clk 0:00:11]} Qc7 {[%clk 0:00:14]} 36. Qh5+ {[%clk 0:00:11]} Kg7
{[%clk 0:00:14]} 37. Qg5+ {[%clk 0:00:11]} Kf7 {[%clk 0:00:15]} 38. Re1
{[%clk 0:00:07]} h6 {[%clk 0:00:14]} 39. Qh5+ {[%clk 0:00:08]} Kg7
{[%clk 0:00:15]} 40. Rb5 {[%clk 0:00:07]} a4 {[%clk 0:00:12]} 41. Ra1
{[%clk 0:00:07]} e4 {[%clk 0:00:13]} 42. Rxf5 {[%clk 0:00:07]} Rxf5
{[%clk 0:00:08]} 43. Qxf5 {[%clk 0:00:09]} e3 {[%clk 0:00:08]} 44. Qg4+
{[%clk 0:00:10]} Kh8 {[%clk 0:00:07]} 45. Qxd4+ {[%clk 0:00:10]} Qe5
{[%clk 0:00:08]} 46. Qxe5+ {[%clk 0:00:10]} Rxe5 {[%clk 0:00:09]} 47. fxe3
{[%clk 0:00:11]} Rxe3 {[%clk 0:00:10]} 48. Rxa4 {[%clk 0:00:08]} Rxd3
{[%clk 0:00:11]} 49. Ra6 {[%clk 0:00:08]} Rb3 {[%clk 0:00:11]} 50. c5
{[%clk 0:00:09]} bxc5 {[%clk 0:00:10]} 51. Rxh6+ {[%clk 0:00:10]} Kg7
{[%clk 0:00:11]} 52. Rc6 {[%clk 0:00:11]} Rc3 {[%clk 0:00:09]} 53. Kh3
{[%clk 0:00:12]} Rc4 {[%clk 0:00:10]} 54. h5 {[%clk 0:00:12]} Kh7
{[%clk 0:00:08]} 55. g4 {[%clk 0:00:13]} Rc1 {[%clk 0:00:07]} 56. Kh4
{[%clk 0:00:14]} c4 {[%clk 0:00:03]} 57. Kg5 {[%clk 0:00:16]} c3 {[%clk 0:00:04]}
58. Rc7+ {[%clk 0:00:17]} Kg8 {[%clk 0:00:04]} 59. Kg6 {[%clk 0:00:17]} Kf8
{[%clk 0:00:05]} 60. h6 {[%clk 0:00:18]} 1-0

[Event "Russian Blitz Team Championship (m)"]
[Site "Sochi"]
[Date "2022.10.17"]
[Round "3.7"]
[White "Khubukshanov, Erdem"]
[Black "Timofeev, Artyom"]
[Result "1/2-1/2"]
[BlackElo "2579"]
[WhiteElo "2377"]
[LiveChessVersion "1.4.8"]

1. e4 {[%clk 0:03:02]} c5 {[%clk 0:03:03]} 2. Nf3 {[%clk 0:03:02]} Nc6
{[%clk 0:03:04]} 3. Bb5 {[%clk 0:03:03]} e6 {[%clk 0:03:02]} 4. O-O
{[%clk 0:03:02]} Nge7 {[%clk 0:03:03]} 5. Re1 {[%clk 0:03:03]} a6
{[%clk 0:03:02]} 6. Bf1 {[%clk 0:03:03]} d5 {[%clk 0:02:59]} 7. exd5
{[%clk 0:03:03]} Nxd5 {[%clk 0:02:59]} 8. d4 {[%clk 0:03:04]} Nf6
{[%clk 0:02:56]} 9. Be3 {[%clk 0:03:05]} Be7 {[%clk 0:02:44]} 10. c4
{[%clk 0:03:04]} O-O {[%clk 0:02:35]} 11. Nc3 {[%clk 0:03:05]} cxd4
{[%clk 0:02:22]} 12. Nxd4 {[%clk 0:03:05]} Bd7 {[%clk 0:02:22]} 13. a3
{[%clk 0:02:56]} Nxd4 {[%clk 0:02:19]} 14. Bxd4 {[%clk 0:02:57]} Bc6
{[%clk 0:02:19]} 15. b4 {[%clk 0:02:57]} Rc8 {[%clk 0:02:12]} 16. b5
{[%clk 0:02:41]} axb5 {[%clk 0:02:12]} 17. cxb5 {[%clk 0:02:42]} Bd5
{[%clk 0:02:05]} 18. Re3 {[%clk 0:02:08]} Qc7 {[%clk 0:01:24]} 19. Rc1
{[%clk 0:01:39]} Qd6 {[%clk 0:01:03]} 20. Be5 {[%clk 0:01:14]} Qb6
{[%clk 0:01:02]} 21. Bxf6 {[%clk 0:00:57]} Bxf6 {[%clk 0:01:02]} 22. Nxd5
{[%clk 0:00:57]} exd5 {[%clk 0:01:02]} 23. Rxc8 {[%clk 0:00:57]} Rxc8
{[%clk 0:01:03]} 24. Qxd5 {[%clk 0:00:58]} g6 {[%clk 0:00:55]} 25. Bc4
{[%clk 0:00:58]} Rc7 {[%clk 0:00:43]} 26. g3 {[%clk 0:00:56]} Kg7
{[%clk 0:00:43]} 27. Rf3 {[%clk 0:00:51]} Re7 {[%clk 0:00:42]} 28. Kg2
{[%clk 0:00:50]} Qd4 {[%clk 0:00:30]} 29. a4 {[%clk 0:00:30]} b6 {[%clk 0:00:29]}
30. Rd3 {[%clk 0:00:24]} Qxd5+ {[%clk 0:00:21]} 31. Rxd5 {[%clk 0:00:26]} Rc7
{[%clk 0:00:21]} 32. Bd3 {[%clk 0:00:23]} Be7 {[%clk 0:00:20]} 33. h4
{[%clk 0:00:19]} h5 {[%clk 0:00:20]} 34. Rd4 {[%clk 0:00:15]} Bc5
{[%clk 0:00:19]} 35. Rc4 {[%clk 0:00:15]} Bd6 {[%clk 0:00:09]} 36. Rxc7
{[%clk 0:00:11]} Bxc7 {[%clk 0:00:10]} 37. Kf3 {[%clk 0:00:12]} Bd6
{[%clk 0:00:12]} 38. Ke4 {[%clk 0:00:09]} Bb4 {[%clk 0:00:13]} 39. Be2
{[%clk 0:00:06]} Be1 {[%clk 0:00:13]} 40. Ke3 {[%clk 0:00:05]} f6
{[%clk 0:00:10]} 41. g4 {[%clk 0:00:06]} hxg4 {[%clk 0:00:11]} 42. Bxg4
{[%clk 0:00:07]} f5 {[%clk 0:00:12]} 43. Be2 {[%clk 0:00:07]} Kf6
{[%clk 0:00:13]} 44. Kf3 {[%clk 0:00:06]} Ke5 {[%clk 0:00:14]} 45. Bc4
{[%clk 0:00:07]} Kf6 {[%clk 0:00:15]} 46. Bd5 {[%clk 0:00:08]} Ke5
{[%clk 0:00:16]} 47. Bc6 {[%clk 0:00:09]} Kf6 {[%clk 0:00:17]} 48. Be8
{[%clk 0:00:11]} Bb4 {[%clk 0:00:16]} 49. Ke2 {[%clk 0:00:10]} Ba5
{[%clk 0:00:16]} 50. h5 {[%clk 0:00:05]} gxh5 51. Bxh5 {[%clk 0:00:05]} Ke5
{[%clk 0:00:18]} 52. Ke3 {[%clk 0:00:06]} f4+ {[%clk 0:00:19]} 53. Kd3
{[%clk 0:00:08]} Bb4 {[%clk 0:00:21]} 54. Bf3 {[%clk 0:00:09]} 1/2-1/2

[Event "Russian Blitz Team Championship (m)"]
[Site "Sochi"]
[Date "2022.10.17"]
[Round "3.8"]
[White "Faizrakhmanov, Ramil"]
[Black "Bocharov, Dmitry"]
[Result "0-1"]
[BlackElo "2484"]
[WhiteElo "2421"]
[LiveChessVersion "1.4.8"]

1. d4 {[%clk 0:03:03]} Nf6 {[%clk 0:03:03]} 2. c4 {[%clk 0:03:04]} e6
{[%clk 0:03:05]} 3. Nf3 {[%clk 0:03:05]} b6 {[%clk 0:03:05]} 4. g3
{[%clk 0:03:06]} Bb7 {[%clk 0:03:03]} 5. Bg2 {[%clk 0:03:07]} Be7
{[%clk 0:03:03]} 6. O-O {[%clk 0:03:08]} O-O {[%clk 0:03:04]} 7. Nc3
{[%clk 0:03:09]} Ne4 {[%clk 0:03:04]} 8. Bd2 {[%clk 0:03:09]} d6 {[%clk 0:02:49]}
9. d5 {[%clk 0:03:02]} Nxd2 {[%clk 0:02:38]} 10. Nxd2 {[%clk 0:02:54]} e5
{[%clk 0:02:37]} 11. e4 {[%clk 0:02:45]} a5 {[%clk 0:02:37]} 12. a3
{[%clk 0:02:45]} Na6 {[%clk 0:02:38]} 13. Rb1 {[%clk 0:02:43]} Bc8
{[%clk 0:02:29]} 14. b4 {[%clk 0:02:42]} g6 {[%clk 0:02:20]} 15. Nb5
{[%clk 0:02:34]} Bd7 {[%clk 0:02:08]} 16. Qc2 {[%clk 0:02:33]} Bg5
{[%clk 0:02:04]} 17. h4 {[%clk 0:02:25]} Bh6 {[%clk 0:02:03]} 18. Qc3
{[%clk 0:02:20]} f5 {[%clk 0:01:44]} 19. Nb3 {[%clk 0:02:05]} axb4
{[%clk 0:01:37]} 20. axb4 {[%clk 0:02:05]} Nb8 {[%clk 0:01:13]} 21. Ra1
{[%clk 0:01:53]} Rxa1 {[%clk 0:01:10]} 22. Rxa1 {[%clk 0:01:50]} f4
{[%clk 0:00:58]} 23. Ra7 {[%clk 0:01:42]} fxg3 {[%clk 0:00:46]} 24. fxg3
{[%clk 0:01:38]} Qf6 {[%clk 0:00:35]} 25. Qe1 {[%clk 0:01:33]} g5
{[%clk 0:00:34]} 26. hxg5 {[%clk 0:01:27]} Bxg5 {[%clk 0:00:35]} 27. Nxc7
{[%clk 0:01:20]} Qh6 {[%clk 0:00:36]} 0-1

[Event "Russian Blitz Team Championship (m)"]
[Site "Sochi"]
[Date "2022.10.17"]
[Round "3.9"]
[White "Chigaev, Maksim"]
[Black "Lazavik, Denis"]
[Result "0-1"]
[BlackElo "2437"]
[WhiteElo "2537"]
[LiveChessVersion "1.4.8"]

1. c4 {[%clk 0:03:02]} Nf6 {[%clk 0:03:01]} 2. Nf3 {[%clk 0:03:02]} e6
{[%clk 0:02:59]} 3. g3 {[%clk 0:03:03]} d5 {[%clk 0:02:56]} 4. Bg2
{[%clk 0:03:03]} dxc4 {[%clk 0:02:53]} 5. O-O {[%clk 0:03:03]} Nbd7
{[%clk 0:02:50]} 6. Qc2 {[%clk 0:03:04]} Nb6 {[%clk 0:02:43]} 7. a4
{[%clk 0:03:04]} a5 {[%clk 0:02:42]} 8. Na3 {[%clk 0:03:04]} Bxa3
{[%clk 0:02:34]} 9. Rxa3 {[%clk 0:03:05]} O-O {[%clk 0:02:21]} 10. e4
{[%clk 0:03:01]} h6 {[%clk 0:02:02]} 11. Re1 {[%clk 0:02:03]} Qe7
{[%clk 0:01:49]} 12. d3 {[%clk 0:01:42]} cxd3 {[%clk 0:01:45]} 13. Rxd3
{[%clk 0:01:43]} Rd8 {[%clk 0:01:26]} 14. Rc3 {[%clk 0:01:07]} c6
{[%clk 0:01:10]} 15. Bf4 {[%clk 0:01:07]} Nbd7 {[%clk 0:00:46]} 16. Bc7
{[%clk 0:01:03]} Re8 {[%clk 0:00:44]} 17. Rd1 {[%clk 0:00:53]} e5
{[%clk 0:00:37]} 18. Bd6 {[%clk 0:00:45]} Qe6 {[%clk 0:00:36]} 19. Ba3
{[%clk 0:00:46]} Qg4 {[%clk 0:00:31]} 20. Nh4 {[%clk 0:00:34]} Nf8
{[%clk 0:00:25]} 21. h3 {[%clk 0:00:34]} Qg5 {[%clk 0:00:23]} 22. Bc5
{[%clk 0:00:30]} N6h7 {[%clk 0:00:21]} 23. Be3 {[%clk 0:00:10]} Qf6
{[%clk 0:00:22]} 24. Rcd3 {[%clk 0:00:07]} Be6 {[%clk 0:00:16]} 25. Qd2
{[%clk 0:00:04]} Ng5 {[%clk 0:00:14]} 26. Kh2 {[%clk 0:00:05]} Qe7
{[%clk 0:00:09]} 27. Nf5 {[%clk 0:00:04]} Bxf5 {[%clk 0:00:09]} 28. exf5
{[%clk 0:00:05]} e4 {[%clk 0:00:10]} 29. Rd6 {[%clk 0:00:05]} Nfh7
{[%clk 0:00:07]} 30. Kh1 {[%clk 0:00:04]} Qe5 {[%clk 0:00:06]} 31. Bf4
{[%clk 0:00:05]} Qxf5 {[%clk 0:00:07]} 32. Kh2 {[%clk 0:00:03]} Nf3+
{[%clk 0:00:08]} 33. Bxf3 {[%clk 0:00:04]} exf3 {[%clk 0:00:09]} 34. Qd3
{[%clk 0:00:03]} Qxd3 {[%clk 0:00:09]} 35. R1xd3 {[%clk 0:00:04]} Nf6
{[%clk 0:00:10]} 36. Rxf3 {[%clk 0:00:04]} Re2 {[%clk 0:00:10]} 37. b3
{[%clk 0:00:04]} Ne4 {[%clk 0:00:11]} 38. Rd7 {[%clk 0:00:05]} Nxf2
{[%clk 0:00:09]} 39. Rd2 {[%clk 0:00:06]} Rxd2 {[%clk 0:00:08]} 40. Bxd2
{[%clk 0:00:07]} Ne4 {[%clk 0:00:09]} 41. Be1 {[%clk 0:00:09]} Nf6
{[%clk 0:00:08]} 42. g4 {[%clk 0:00:07]} Nd5 {[%clk 0:00:09]} 43. h4
{[%clk 0:00:05]} f6 {[%clk 0:00:09]} 44. Kg3 {[%clk 0:00:05]} b6 {[%clk 0:00:09]}
45. Bd2 {[%clk 0:00:05]} Re8 {[%clk 0:00:10]} 46. Kf2 {[%clk 0:00:04]} Re4
{[%clk 0:00:10]} 47. g5 {[%clk 0:00:05]} Rxh4 {[%clk 0:00:10]} 48. gxh6
{[%clk 0:00:04]} gxh6 {[%clk 0:00:10]} 49. Ke2 {[%clk 0:00:05]} Kf7
{[%clk 0:00:11]} 50. Kd1 {[%clk 0:00:07]} h5 {[%clk 0:00:10]} 51. Rf2
{[%clk 0:00:08]} Rg4 {[%clk 0:00:10]} 52. Be1 {[%clk 0:00:10]} h4
{[%clk 0:00:09]} 53. Rh2 {[%clk 0:00:11]} Ne3+ {[%clk 0:00:10]} 54. Ke2
{[%clk 0:00:11]} Nf5 {[%clk 0:00:09]} 55. Kf3 {[%clk 0:00:12]} Rd4
{[%clk 0:00:09]} 56. Rc2 {[%clk 0:00:12]} c5 {[%clk 0:00:10]} 57. Re2
{[%clk 0:00:10]} Nd6 {[%clk 0:00:08]} 58. Rh2 {[%clk 0:00:09]} Rd3+
{[%clk 0:00:09]} 59. Kf4 {[%clk 0:00:09]} h3 {[%clk 0:00:10]} 60. Rb2
{[%clk 0:00:07]} Ke6 {[%clk 0:00:10]} 61. Bg3 {[%clk 0:00:07]} Kd5
{[%clk 0:00:11]} 62. Kg4 {[%clk 0:00:05]} Ne4 {[%clk 0:00:12]} 63. Bc7
{[%clk 0:00:05]} Kc6 {[%clk 0:00:11]} 64. Bb8 {[%clk 0:00:06]} Nd2
{[%clk 0:00:11]} 65. Kh4 {[%clk 0:00:04]} Nxb3 {[%clk 0:00:11]} 66. Rf2
{[%clk 0:00:05]} Rd4+ {[%clk 0:00:11]} 67. Kxh3 {[%clk 0:00:06]} Rxa4
{[%clk 0:00:12]} 68. Rxf6+ {[%clk 0:00:07]} Kb7 {[%clk 0:00:13]} 69. Be5
{[%clk 0:00:08]} Rb4 {[%clk 0:00:14]} 70. Rf7+ {[%clk 0:00:09]} Ka6
{[%clk 0:00:15]} 0-1